00610nam a2200121Ia 4500008004100000040004400041100002400085245017200109260002300281300000800304500016100312999001500473180412s9999||||xx |||||||||||||| ||und|| aAhmadu Bello University Library - Zaria aP. Linskog, A Mando 4aThe Relationship Between Research Institutes and NGOs in the Field of Soil Water Conservation in Burkina Faso.cINTERNATIONAL INSTITUTE FOR ENVIRONMENT AND DEVELOPMENT bIIED, Londonc1992 a17p aThe relationship between research institutes and NGOs in the field of soil water conservation in Burkina Faso / P. Lindskog, A. Mando .- London: IIED; 1992. c6235d6235